|
|
|
|
| LEADER |
00000nab a2200000 a 4500 |
| 001 |
vtls000765568 |
| 003 |
SK-MaSNL |
| 005 |
20260302153305.0 |
| 008 |
160405c2001 xo 0 slo |
| 015 |
|
|
|a SNBRB2001/08-24107
|
| 035 |
|
|
|a CLN000117355
|
| 040 |
|
|
|a SNKBUCL
|b slo
|c SNKBUCL
|e AACR2
|
| 041 |
0 |
|
|a slo
|
| 044 |
|
|
|a xo
|c SK
|
| 080 |
|
|
|a 368.415(437.6)
|2 1997
|
| 080 |
|
|
|a 338.46(437.6):614.2:336
|2 1997
|
| 080 |
|
|
|a 614.2(437.6)
|2 1997
|
| 100 |
1 |
|
|a Krištofičová, Dagmar
|4 aut
|9 7033
|
| 245 |
1 |
0 |
|a Začarovaný kruh
|b rozpory v rezorte zdravotníctva narastajú, kríza vrcholí, dlhy a záväzky sa zvyšujú
|c Dagmar Krištofičová
|
| 650 |
0 |
7 |
|a poistenie zdravotné
|z Slovensko
|2 snkbucl
|9 840251
|
| 650 |
0 |
7 |
|a zdravotníctvo
|x financovanie
|z Slovensko
|2 snkbucl
|9 845641
|
| 655 |
|
7 |
|a články z novín a časopisov
|2 snkbucl
|9 267496
|
| 773 |
0 |
|
|x 1335-4620
|t Profit
|g Roč. 9, č. 28 (2001), s. 16-17
|
| 850 |
|
|
|a Slovenská národná knižnica v Martine
|
| 852 |
|
|
|a SNK
|b KIS3GCP
|
| 958 |
|
|
|a SK
|
| 958 |
|
|
|a MI
|
| 958 |
|
|
|a RBX
|
| 999 |
|
|
|c 1365005
|d 1366935
|